Score 0/16 Timer 02:00
0 Plays Today
% Correct
Annabeth Chase
98.5%
Clarisse La Rue
95.7%
Percy Jackson
95.1%
Nico di Angelo
95%
Jason Grace
94.2%
Piper McLean
93.5%
Leo Valdez
93.5%
Hazel Levesque
92.3%
% Correct
Frank Zhang
92.2%
Connor and Travis Stoll
91.7%
Thalia Grace
89.2%
Reyna Avila Ramirez-Arellano
84.9%
Octavian
82.8%
Butch
81.1%
Clovis
80.9%
Dakota
77.9%
Remove Ads.
Support Sporcle.
Get the best of Sporcle when you Go Orange. This ad-free experience offers more features, more stats, and more fun while also helping to support Sporcle. Thank you for becoming a member.

You're not logged in!

Compare scores with friends on all Sporcle quizzes.
OR
Log In

Show Comments

Extras

Top Quizzes Today


Score Distribution

Your Account Isn't Verified!

In order to create a playlist on Sporcle, you need to verify the email address you used during registration. Go to your Sporcle Settings to finish the process.

Report this User

Report this user for behavior that violates our Community Guidelines.

Details: